Mysore workmen's compensation rules, 1953 (Record no. 419753)

000 -LEADER
fixed length control field 00270cam a22000977a 4500
008 - FIXED-LENGTH DATA ELEMENTS--GENERAL INFORMATION
fixed length control field 180718b1953 xxu||||| |||| 00| 0 eng d
082 ## - DEWEY DECIMAL CLASSIFICATION NUMBER
Classification number R6603x5444 M999r
245 ## - TITLE STATEMENT
Title Mysore workmen's compensation rules, 1953
260 ## - PUBLICATION, DISTRIBUTION, ETC.
Place of publication, distribution, etc. Bangalore
Name of publisher, distributor, etc. Government Press
Date of publication, distribution, etc. 1953
300 ## - PHYSICAL DESCRIPTION
Extent 53p
Holdings
Withdrawn status Lost status Damaged status Not for loan Permanent Location Current Location Date acquired Full call number Barcode Date last seen Price effective from Koha item type
        Indian Institute of Public Administration Indian Institute of Public Administration 2009-07-09 R6603x5444 M999r 24879 2018-07-21 2018-07-21 Book

Powered by Koha